000 01284nam a2200241 a 4500
005 20160802124345.0
008 140317t2004 -cn|||||r|||| 00| 0 eng d
020 _a9280724657
040 _aCO-BoIAVH
_cCO-BoIAVH
041 0 _aeng
044 _acn
082 0 4 _a333.9515
_bC76b
111 2 _aConference of the Parties to the Convention on Biological Diversity
_n(7th :
_d9-20 y 27 de febrero de 2004 :
_cKuala Lumpur, Malasia)
245 1 0 _a2010 Biodiversity target : a framework for implementation :
_bDecisions from the seventh meeting of the conference of the parties to the convention on biological diversity /
260 _aMontreal, Canadá :
_bSecretariat of the Convention on Biological Diversity,
_c2004.
300 _a382 páginas ;
_c21 x 14 cm.
611 2 _aConference of the Parties to the Convention on Biological Diversity
_cKuala Lumpur, Malasia)
_d9-20 y 27 de febrero de 2004 :
650 2 6 _aBiodiversidad
_xPolíticas
_vCongresos, conferencias, etc.
650 2 6 _aRecursos naturales
_xPolíticas
_vCongresos, conferencias, etc.
650 2 6 _aConservación de la diversidad biológica
_xPolíticas
_vCongresos, conferencias, etc.
710 2 _aSecretariat of the Convention on Biological Diversity
942 _cLIBRO
_2ddc
999 _c4604
_d4604